| 000 | 00691nam a2200181 i 4500 | ||
|---|---|---|---|
| 001 | 77490 | ||
| 003 | ES-MaACL | ||
| 005 | 20230906173234.0 | ||
| 007 | t| | ||
| 008 | 041019s1979 sp ||||1| spa d | ||
| 100 | 1 |
_aAngulo Usategui, José María. _921793 |
|
| 245 | 1 | 0 |
_aElectrónica fundamental [ _h6. Teoría: circuitos integrados; digitales y analógicos; hacia el microprocesador. Práctica: montaje y experimentación con circuitos integrados lógicos y operacionales] / _cJosé María Angulo Usategui. |
| 250 | _a3ª ed. | ||
| 260 |
_aMadrid : _bParaninfo, _c1979 ( _fBenzal) |
||
| 300 |
_a350 p. ; _c22 cm. |
||
| 650 | 4 |
_aElectrónica. _912165 |
|
| 852 |
_aES-MaACL _jA-9583 _bR.98762 |
||
| 999 |
_c77490 _d77490 |
||